|
|
|
|
| LEADER |
00000nab a2200000ua 4500 |
| 001 |
vtls010796287 |
| 003 |
SK-MaSNL |
| 005 |
20260303120317.0 |
| 008 |
230131s1961 xo |||||||||||||||||slo| |
| 035 |
|
|
|a (urnnbn)urn:nbn:sk:snk:ar-a000hp
|
| 035 |
|
|
|a (uuid)4209a9ea-e6d9-46fd-a1a7-186e851e3f23
|
| 035 |
|
|
|a urn:nbn:sk:snk-ab4yms
|
| 040 |
|
|
|a SNKBUCL
|b slo
|c SNKBUCL
|e AACR2
|
| 041 |
0 |
|
|a slo
|
| 044 |
|
|
|a xo
|c SK
|
| 100 |
1 |
|
|a Kopsa, Cyril
|4 aut
|9 1132800
|
| 245 |
1 |
0 |
|a ZIMOVANIE VČELSTIEV V MEDNÍKU
|c Cyril Kopsa
|
| 773 |
0 |
|
|t Včelár : odborný časopis Povereníctva poľnohospodárstva a lesného hospodárstva a Ústredia včelárskych združení na Slovensku
|g Roč. 35, č. 1 (1961), s. 5-6
|
| 954 |
|
|
|a odborná, vedecká literatúra pôvodná (slovenská)
|2 lita
|
| 958 |
|
|
|a OND
|
| 958 |
|
|
|a EUIPO
|
| 958 |
|
|
|a article3
|
| 999 |
|
|
|c 1908773
|d 1910703
|